| 000 | 00429nam a2200157 i 4500 | ||
|---|---|---|---|
| 001 | 38893 | ||
| 003 | ES-MaACL | ||
| 005 | 20230906155838.0 | ||
| 007 | t| | ||
| 008 | 030226s1951 sp ||||1| spa d | ||
| 100 | 1 |
_aCalvo, Isabel. _933843 |
|
| 245 | 1 | 3 |
_aEl misterio del palacio chino / _cIsabel Calvo. |
| 260 |
_aMadrid : _bRumbos, _c[1951] ( _fEscelicer) |
||
| 300 |
_a173 p. ; _c18 cm. |
||
| 852 |
_aES-MaACL _jC-22608 _bR.51312 |
||
| 999 |
_c38893 _d38893 |
||